000 00842nam a22002417a 4500
999 _c13651
_d13651
003 AR-CdUCM
008 190416b ||||| |||| 00| 0 spa d
020 _a84-7232-181-9
040 _aMUNICIPALIDAD PROVINCIAL DEL CUSCO
_cBIBLIOTECA MUNICIPAL DEL CUSCO
082 _a838.611 /
_bK68
100 _aKoch, Herbert
_932153
245 _aSchiller y España /
260 _aMadrid :
_bEdiciones Cultura Hispánica del Centro Iberoamericano de Cooperación,
_c1978.
300 _a307 páginas ;
_c21 cm.
505 _aContenido: Temas españoles en Schiller -- Las obras de Schiller en España.
650 _aEspaña
_9176
650 _aVida intelectual
_96195
650 _aSiglo XVIII
_9837
650 _aLiteratura
_983
700 _aStaubwasser de Mohorn, Gabriele (coautor)
_932154
942 _2ddc
_cLIBROS
945 _aachl
_d2019-04-16